Viu el Parc! : l'espectacle és a la natura l'espectacle és a la natura
Publicado:
Barcelona :
Diputació de Barcelona. Àrea de Territori i de Sostenibilitat. Gerència de Serveis d'Espais Naturals ,
2012
Descripción Física:
1 díptic ; 20 cm
Materias:
Parcs naturals -- Catalunya
MARC
| LEADER | 00000nam a2200000Ia 4500 | ||
|---|---|---|---|
| 001 | 23708 | ||
| 008 | 160829s2012 xx 000 0 cat d | ||
| 080 | |a FU-62-10 | ||
| 245 | |a Viu el Parc! : |b l'espectacle és a la natura | ||
| 260 | |a Barcelona : |b Diputació de Barcelona. Àrea de Territori i de Sostenibilitat. Gerència de Serveis d'Espais Naturals, |c 2012 | ||
| 300 | |a 1 díptic ; |c 20 cm | ||
| 650 | 0 | |a Parcs naturals |z Catalunya |9 36172 | |
| 710 | 1 | |a Barcelona (Catalunya : Província). |b Gerència de Serveis d’Espais Naturals |9 52730 | |
| 901 | |a Arxiu | ||
| 942 | |n 1 | ||
| 952 | |0 0 |1 0 |4 0 |6 FU6210 |7 1 |9 56095 |a Arxiu |b Arxiu |d 2016-12-01 |l 0 |o FU-62-10 |p 23708 |r 2016-12-01 00:00:00 |w 2016-12-01 |y ARXIU | ||
| 999 | |c 59971 |d 59971 | ||